| 000 | 00403nam a2200157Ia 4500 | ||
|---|---|---|---|
| 008 | 210719s1987 xx 000 0 und d | ||
| 041 | _aeng | ||
| 082 | _a823.008 READ | ||
| 100 | _aREADER'S DIGEST | ||
| 245 | _aDrama in real life. | ||
| 260 |
_aBombay _bRDI print & publishing pvt ltd. _c1987 |
||
| 300 |
_a272 _bPB |
||
| 365 | _cRs | ||
| 650 | _aEnglish Collections | ||
| 906 | _adrama in real life | ||
| 999 |
_c213183 _d213183 |
||